Adjudicating construction and engineering disputes (Record no. 122063)

MARC details
000 -LEADER
fixed length control field 01785nam a22004098i 4500
001 - CONTROL NUMBER
control field 122063
005 - DATE AND TIME OF LATEST TRANSACTION
control field 20241203094028.0
006 - FIXED-LENGTH DATA ELEMENTS--ADDITIONAL MATERIAL CHARACTERISTICS
fixed length control field m|||||o||d||||||||
007 - PHYSICAL DESCRIPTION FIXED FIELD--GENERAL INFORMATION
fixed length control field cr |||||||||||
008 - FIXED-LENGTH DATA ELEMENTS--GENERAL INFORMATION
fixed length control field 240903s2024 enk fo 000|0|eng|d
020 ## - INTERNATIONAL STANDARD BOOK NUMBER
International Standard Book Number 9781916749283 (PDF ebook) :
040 ## - CATALOGING SOURCE
Original cataloging agency StDuBDS
Language of cataloging eng
Description conventions rda
-- pn
Transcribing agency StDuBDS
Modifying agency StDuBDSZ
050 #4 - LIBRARY OF CONGRESS CALL NUMBER
Classification number KD1641
Item number .M6 2024
072 #7 - SUBJECT CATEGORY CODE
Subject category code LAW
Source ukslc
072 #7 - SUBJECT CATEGORY CODE
Subject category code LN
Source bicssc
072 #7 - SUBJECT CATEGORY CODE
Subject category code LN
Source thema
082 04 - DEWEY DECIMAL CLASSIFICATION NUMBER
Classification number 343.41078624
Edition number 23
100 1# - MAIN ENTRY--PERSONAL NAME
Personal name Molloy, Matthew,
Relator term author.
245 10 - TITLE STATEMENT
Title Adjudicating construction and engineering disputes
Medium [electronic resource] /
Statement of responsibility, etc. Matthew Molloy, Jonathan Cope.
263 ## - PROJECTED PUBLICATION DATE
Projected publication date 202410
264 #1 - PRODUCTION, PUBLICATION, DISTRIBUTION, MANUFACTURE, AND COPYRIGHT NOTICE
Place of production, publication, distribution, manufacture London :
Name of producer, publisher, distributor, manufacturer LPP,
Date of production, publication, distribution, manufacture, or copyright notice 2024.
300 ## - PHYSICAL DESCRIPTION
Extent 1 online resource (240 pages)
336 ## - CONTENT TYPE
Content type term text
Source rdacontent
337 ## - MEDIA TYPE
Media type term computer
Source rdamedia
338 ## - CARRIER TYPE
Carrier type term online resource
Source rdacarrier
366 ## - TRADE AVAILABILITY INFORMATION
Detailed date of publication 20241009
Availability status code Not yet available
520 8# - SUMMARY, ETC.
Summary, etc. This book provides a comprehensive guide to the process of construction industry adjudication from the perspective of the adjudicator. It covers the whole process of adjudication, from the initial enquiry through case management, the conduct of the proceedings, the production of the Decision and post-Decision matters. The purpose is to provide a resource for aspiring and practising adjudicators, both in the UK and internationally.
650 #0 - SUBJECT ADDED ENTRY--TOPICAL TERM
Topical term or geographic name entry element ALTERNATIVE DISPUTE RESOLUTION
650 #0 - SUBJECT ADDED ENTRY--TOPICAL TERM
Topical term or geographic name entry element ARBITRATION
650 #0 - SUBJECT ADDED ENTRY--TOPICAL TERM
Topical term or geographic name entry element CONSTRUCTION CONTRACTS
650 #0 - SUBJECT ADDED ENTRY--TOPICAL TERM
Topical term or geographic name entry element EBOOK
650 #7 - SUBJECT ADDED ENTRY--TOPICAL TERM
Topical term or geographic name entry element LAW
700 1# - ADDED ENTRY--PERSONAL NAME
Personal name Cope, Jonathan,
Relator term author.
776 08 - ADDITIONAL PHYSICAL FORM ENTRY
Relationship information Print version :
International Standard Book Number 9781916749276
856 40 - ELECTRONIC LOCATION AND ACCESS
Uniform Resource Identifier <a href="https://www.vlebooks.com/product/openreader?id=RICS&accId=9491556&isbn=9781916749283">https://www.vlebooks.com/product/openreader?id=RICS&accId=9491556&isbn=9781916749283</a>
Public note Available on VLeBooks (email [email protected] if you do not have a login)
942 ## - ADDED ENTRY ELEMENTS (KOHA)
Source of classification or shelving scheme Dewey Decimal Classification
Holdings
Withdrawn status Lost status Damaged status Not for loan Home library Current library Shelving location Date acquired Total Checkouts Full call number Date last seen Price effective from Koha item type Public note
        Virtual Virtual Online 03/12/2024   EBOOK 03/12/2024 03/12/2024 Book Available via Vlebooks (email [email protected] if you do not have a login)